[Event "Yerevan ol (Men)"]
[Site "Yerevan"]
[Date "1996.??.??"]
[Round "13"]
[White "Sutovskij, Emil"]
[Black "Hodgson, Julian M"]
[Result "1/2-1/2"]
[WhiteElo "2565"]
[BlackElo "2550"]

1.e4 d6 2.d4 Nf6 3.Nc3 c6 4.f4 Qb6 5.e5 Nd5 6.Nxd5 cxd5 7.Bd3 g6 8.c3 Bf5
9.Bxf5 gxf5 10.Nh3 h5 11.e6 fxe6 12.Ng5 Rh6 13.Qe2 Qa6 14.Qe3 Nd7 15.Nxe6 Rc8
16.Ng5 Bg7 17.Qh3 e6 18.Kd1 Nf8 19.Re1 Kd7 20.Bd2 Qb5 21.b3 a5 22.Qe3 Re8
23.Kc2 Bf6 24.h4 a4 25.Qd3 Qc6 26.Re3 Bxg5 27.hxg5 Rh8 28.Rh1 Ng6 29.Reh3 h4
30.g3 axb3+ 31.axb3 Ra8 32.gxh4 Ra2+ 33.Kd1 Rh5 34.Qf3 Qb6 35.Qxh5 Qxb3+
36.Ke1 Qb2 37.Qd1 Ra1 38.Qxa1 Qxa1+ 39.Ke2 Qa6+ 40.Ke1 Qa1+ 41.Ke2 Qa6+ 42.Kd1 Qa4+  1/2-1/2

[Event "Yerevan ol (Men)"]
[Site "Yerevan"]
[Date "1996.??.??"]
[Round "13"]
[White "Egger, Jorge"]
[Black "Rowson, Jonathan"]
[Result "1/2-1/2"]
[WhiteElo "2420"]
[BlackElo "2425"]

1.e4 d6 2.d4 Nf6 3.Nc3 e5 4.Nf3 Nbd7 5.Bc4 Be7 6.O-O O-O 7.a4 c6 8.a5 Qc7
9.Ba2 Nb8 10.Qe2 Na6 11.Bc4 Nb4 12.h3 Bd7 13.dxe5 dxe5 14.Nh4 b5  1/2-1/2

[Event "Yerevan ol (Men)"]
[Site "Yerevan"]
[Date "1996.??.??"]
[Round "14"]
[White "Magomedov, Magaram"]
[Black "Murshed, Niaz"]
[Result "1/2-1/2"]
[WhiteElo "2460"]
[BlackElo "2510"]

1.e4 d6 2.d4 Nf6 3.Nc3 c6 4.Be2 e5 5.Nf3 Nbd7 6.a4 Be7 7.O-O O-O 8.a5 h6
9.Re1 Re8 10.Bf1 Bf8 11.a6 b5 12.d5 b4 13.dxc6 bxc3 14.cxd7 Bxd7 15.bxc3 Bc6
16.Nd2  1/2-1/2

[Event "Zalakaros op"]
[Site "Zalakaros"]
[Date "1996.??.??"]
[Round "5"]
[White "Tolnai, Tibor"]
[Black "Chuprov, Dmitry"]
[Result "1/2-1/2"]
[WhiteElo "2450"]
[BlackElo "2460"]

1.e4 d6 2.d4 Nf6 3.Nc3 e5 4.Nf3 Nbd7 5.Bc4 Be7 6.O-O O-O 7.Qe2 c6 8.a4 a5
9.Rd1 Qc7 10.h3 exd4 11.Nxd4 Nc5 12.Bf4 Qb6 13.Nb3 Re8 14.Be3 Bf8 15.Nxc5 dxc5
16.b3 Qc7 17.Qd3 Be6 18.Bxe6 Rxe6 19.f4 Nh5 20.Qd7 Qxd7 21.Rxd7 c4 22.e5 g5
23.Rf1 gxf4 24.Bxf4 cxb3 25.cxb3 b5 26.axb5 cxb5 27.Nxb5 Nxf4 28.Rxf4 Rxe5
29.Nc7 Bc5+ 30.Kh2 Rf8 31.Nd5 Re6 32.Nf6+ Kg7 33.Ne4 Be7 34.Ng3 Bg5 35.Rg4 Rg6
36.Rd5 Bd8 37.Rc4 Kg8 38.Nf5 Re6 39.Rd7 Bf6 40.h4 Be5+ 41.g3 Rb8 42.Rc5 h6
43.h5 Bg7 44.Rxa5 Reb6 45.Ra4 Rf6 46.Rd5 Bf8 47.Rg4+ Kh7 48.Nd4 Bg7 49.Kh3 Rfb6
50.Nf5 Bf8 51.Rd7 R8b7 52.Rd8 Rb8 53.Rxb8 Rxb8 54.Rc4 Rxb3 55.Rc7 Kg8 56.Rc8 Rb6
57.Ra8 Re6 58.g4 Rb6 59.Kg3 Re6 60.Kf3 Rb6 61.Kg3 Re6 62.g5 hxg5 63.Kg4 Re2
64.Kxg5 Re1 65.Rc8 Re2 66.h6 Re1 67.h7+ Kxh7 68.Rxf8 Rg1+ 69.Kf6 Rg6+ 70.Ke7 Re6+
71.Kxf7 Rf6+  1/2-1/2

[Event "Zalakaros op"]
[Site "Zalakaros"]
[Date "1996.??.??"]
[Round "6"]
[White "Parkanyi, Attila"]
[Black "Albert, Kornelia"]
[Result "0-1"]
[WhiteElo "2365"]
[BlackElo "2095"]

1.e4 d6 2.d4 Nf6 3.Nc3 c6 4.f4 g6 5.Nf3 Bg4 6.Be2 Bg7 7.O-O O-O 8.h3 Bxf3
9.Bxf3 Qb6 10.e5 Ne8 11.Kh1 d5 12.Na4 Qd8 13.Qe1 e6 14.g4 f5 15.exf6 Qxf6
16.Nc5 Nc7 17.c3 b6 18.Nd3 Nd7 19.Bd2 Rae8 20.Qg3 Qd8 21.Rae1 c5 22.Ne5 Nb5
23.a4 Nd6 24.Bg2 Bf6 25.Qd3 Kg7 26.b3 c4 27.bxc4 Bxe5 28.cxd5 Bf6 29.dxe6 Nb8
30.c4 Qc8 31.Bd5 Nc6 32.Bc3 Ne7 33.Bg2 h6 34.g5 hxg5 35.fxg5 Bxg5 36.c5 Ndf5
37.d5+ Bf6 38.c6 Qc7 39.Kg1 Qd6 40.Qc4 Qc5+ 41.Qxc5 bxc5 42.Bxf6+ Rxf6 43.Rc1 Nd6
44.Rxc5 Rxf1+ 45.Kxf1 Kf6 46.Ra5 Nec8 47.Kf2 Ke5 48.Bf3 Kd4 49.Kg3 Re7 50.Kf4 Rh7
51.Bg4 Nb6 52.Kg5 Nxd5 53.Kxg6 Rc7 54.h4 Nc4 55.Rb5 Ne5+ 56.Kf5 Ne3+ 57.Kf4 N3xg4
58.Rb7 Rxc6 59.e7 Re6 60.Rxa7 Ne3 61.h5 Nc6 62.Rd7+ Nd5+ 63.Kf5 Re5+ 64.Kg4 Nxe7
65.h6 Ng8 66.h7 Nf6+ 67.Kf3 Rh5 68.Rg7 Nxh7 69.a5 Nhf6 70.a6 Rh8 71.a7 Ra8
72.Rb7 Ne4 73.Kg4 Nc5 74.Rf7 Nb4 75.Rf4+ Kc3 76.Rf7 Kc4 77.Kf4 Nc6 78.Rh7 Nxa7
79.Rc7 Nb5 80.Rf7 Re8 81.Rf5 Re4+ 82.Kg5 Nd6 83.Rf1 Kd5 84.Rh1 Ke5 85.Rh2 Ne6+
86.Kh5 Kf5 87.Rf2+ Nf4+ 88.Kh6 Re7 89.Rf1 Ne8 90.Rg1 Re6+ 91.Kh7 Nf6+ 92.Kg7 Re7+
93.Kf8 Rh7 94.Rf1 Ke5 95.Re1+ Kd6 96.Rd1+ N4d5 97.Rd2 Ke6 98.Re2+ Kf5 99.Rf2+ Nf4
100.Rxf4+ Ke6  0-1

[Event "Zalakaros op"]
[Site "Zalakaros"]
[Date "1996.??.??"]
[Round "7"]
[White "Sziebert, Adam"]
[Black "Chuprov, Dmitry"]
[Result "0-1"]
[WhiteElo "2325"]
[BlackElo "2460"]

1.e4 d6 2.d4 Nf6 3.Nc3 c6 4.Be3 Nbd7 5.f4 Qa5 6.Bd3 e5 7.Ne2 g6 8.Qd2 Ng4
9.Bg1 Ngf6 10.fxe5 dxe5 11.dxe5 Nxe5 12.Bd4 Nfd7 13.O-O Bg7 14.a3 O-O 15.Kh1 Qd8
16.Be3 Qe7 17.Bh6 Nc5 18.Bxg7 Kxg7 19.b4 Ne6 20.Nd1 f6 21.Ne3 Ng5 22.Nf4 Be6
23.Qc3 Rad8 24.Rf2 Bc8 25.Raf1 Rd6 26.h4 Ngf7 27.a4 Nh6 28.Be2 Rfd8 29.b5 Rd4
30.a5 Rxe4 31.bxc6 bxc6 32.Nc4 Nf5 33.Nxe5 Qxe5 34.Qxe5 fxe5 35.Nd3 Ng3+  0-1

[Event "Zalakaros op"]
[Site "Zalakaros"]
[Date "1996.??.??"]
[Round "8"]
[White "Bairachny, Ruslan"]
[Black "Szirmai, Eduard"]
[Result "1-0"]
[WhiteElo "2315"]
[BlackElo "2225"]

1.d4 Nf6 2.Nc3 d6 3.e4 c6 4.g3 g6 5.Bg2 Bg7 6.Nge2 O-O 7.O-O e5 8.a4 Na6
9.h3 Nc7 10.f4 exf4 11.Nxf4 Ne6 12.g4 Qb6 13.Nxe6 fxe6 14.a5 Qc7 15.a6 b6
16.e5 dxe5 17.Nb5 Qd8 18.Bg5 exd4 19.Qxd4 Bd7 20.Rad1 Nd5 21.Qd2 Rxf1+ 22.Rxf1 Qb8
23.c4 c5 24.Bxd5 exd5 25.Qxd5+ Kh8 26.Nd6 Bd4+ 27.Kg2  1-0

[Event "Zlin op"]
[Site "Zlin"]
[Date "1996.??.??"]
[Round "?"]
[White "Vavruska, Antonin"]
[Black "Oral, Tomas"]
[Result "0-1"]
[WhiteElo "2255"]
[BlackElo "2470"]

1.d4 Nf6 2.Nc3 d6 3.e4 e5 4.dxe5 dxe5 5.Qxd8+ Kxd8 6.Bg5 Be6 7.O-O-O+ Nd7
8.f4 exf4 9.h3 Bc5 10.Bxf4 Nh5 11.Bh2 Be3+ 12.Kb1 Bf4 13.g4 Bxh2 14.Rxh2 Nf4
15.Nf3 c6 16.Rf2 Ng6 17.Ne2 Kc7 18.Ned4 Nge5 19.Ng5 Rae8 20.c3 h6 21.Ngxe6+ fxe6
22.Bd3 Rhf8 23.Rxf8 Nxf8 24.Bc2 Nfg6 25.Rf1 c5 26.Nb5+ Kb6 27.Na3 a6 28.Ba4 Rf8
29.Rxf8 Nxf8 30.Bb3 Kc7 31.Bc4 Nc6  0-1

[Event "Zlin op"]
[Site "Zlin"]
[Date "1996.??.??"]
[Round "5"]
[White "Vavruska, Antonin"]
[Black "Oral, Tomas"]
[Result "0-1"]
[WhiteElo "2255"]
[BlackElo "2460"]

1.d4 Nf6 2.Nc3 d6 3.e4 e5 4.dxe5 dxe5 5.Qxd8+ Kxd8 6.Bg5 Be6 7.O-O-O+ Nd7
8.f4 exf4 9.h3 Bc5 10.Bxf4 Nh5 11.Bh2 Be3+ 12.Kb1 Bf4 13.g4 Bxh2 14.Rxh2 Nf4
15.Nf3 c6 16.Rf2 Ng6 17.Ne2 Kc7 18.Ned4 Nge5 19.Ng5 Rae8 20.c3 h6 21.Ngxe6+ fxe6
22.Bd3 Rhf8 23.Rxf8 Nxf8 24.Bc2 Nfg6 25.Rf1 c5 26.Nb5+ Kb6 27.Na3 a6 28.Ba4 Rf8
29.Rxf8 Nxf8 30.Bb3 Kc7 31.Bc4 Nfg6 32.Bf1 Nf4 33.Kc1 Nf3 34.Nc2 Nh2 35.Ne3 Nxf1
36.Nxf1 Nxh3 37.Nh2 Nf2 38.e5 Nd3+ 39.Kc2 Nxe5  0-1

[Event "Weihnachts op"]
[Site "Zuerich"]
[Date "1996.??.??"]
[Round "3"]
[White "Jenni, Florian"]
[Black "Berchtold, Guenter"]
[Result "1-0"]
[WhiteElo "2215"]
[BlackElo "2060"]

1.e4 d6 2.d4 Nf6 3.Nc3 c6 4.Nf3 Bg4 5.h3 Bh5 6.Be3 Nbd7 7.Bd3 e5 8.Qd2 Qa5
9.g4 Bg6 10.Nh4 O-O-O 11.a3 Be7 12.g5 Ne8 13.b4 Qc7 14.d5 h6 15.Nxg6 fxg6
16.gxh6 gxh6 17.Bxh6 Ndf6 18.Be3 Kb8 19.Rb1 Ng4 20.dxc6 bxc6 21.b5 c5 22.b6 axb6
23.Nd5 Qa7 24.Rxb6+ Kc8 25.Ba6+  1-0

[Event "Weihnachts op"]
[Site "Zuerich"]
[Date "1996.??.??"]
[Round "5"]
[White "Hugentobler, Patrick"]
[Black "Laske, Erich"]
[Result "1-0"]
[WhiteElo "2255"]
[BlackElo "2055"]

1.e4 d6 2.d4 Nf6 3.Nc3 e5 4.Nf3 Nbd7 5.Bc4 Be7 6.Bxf7+ Kxf7 7.Ng5+ Kg8 8.Ne6 Qe8
9.Nxc7 Qg6 10.Nxa8 Qxg2 11.Rf1 Nxe4 12.Qe2 Nxc3 13.Qc4+ Nd5 14.Qxc8+ Kf7
15.Qxh8 Qe4+ 16.Be3 Nxe3 17.fxe3+ Nf6 18.O-O-O Qxe3+ 19.Kb1 exd4 20.Qxh7 d5
21.Qf5 Kg8 22.Rfe1  1-0

[Event "Zwolle op"]
[Site "Zwolle"]
[Date "1996.??.??"]
[Round "3"]
[White "Jonkman, Harmen"]
[Black "Reinderman, Dimitri"]
[Result "0-1"]
[WhiteElo "2325"]
[BlackElo "2495"]

1.e4 d6 2.d4 Nf6 3.Nc3 e5 4.Nf3 Nbd7 5.Bc4 Be7 6.O-O O-O 7.Re1 c6 8.a4 Qc7
9.h3 b6 10.Bg5 a6 11.Ne2 h6 12.Bxf6 Bxf6 13.c3 Rb8 14.d5 b5 15.axb5 cxb5
16.Bd3 Nc5 17.b4 Nxd3 18.Qxd3 Bd8 19.g4 Qe7 20.Ng3 g6 21.Kh2 Bb6 22.Rf1 Qd7
23.Ng1 Ra8 24.f4 exf4 25.Rxf4 Qe7 26.Nf3 Bd7 27.Re1 Bf2 28.Rf1 Bxg3+ 29.Kxg3 g5
30.Rf5 Bxf5 31.gxf5 Rac8 32.h4 Rc4 33.hxg5 hxg5  0-1

[Event "RUS-Cup4"]
[Site "Perm"]
[Date "1997.02.09"]
[Round "2"]
[White "Lastin, Alexander"]
[Black "Eismont, Oleg"]
[Result "1-0"]
[WhiteElo "2535"]
[BlackElo "2465"]

1.e4 d6 2.d4 Nf6 3.Nc3 e5 4.Nf3 Nbd7 5.g3 Be7 6.Bg2 O-O 7.O-O c6 8.a4 a5
9.Re1 Rb8 10.b3 b5 11.axb5 cxb5 12.Bb2 Re8 13.dxe5 dxe5 14.Nd5 Bc5 15.Qd2 Nxd5
16.exd5 Bb4 17.Bc3 Bxc3 18.Qxc3 b4 19.Qb2 f6 20.Nd2 Nc5 21.Nc4 Ra8 22.Qc1 Ra6
23.Qe3 Nb7 24.c3 Nd6 25.Nxd6 Rxd6 26.c4 Bb7 27.Qa7  1-0

[Event "RUS-Cup4"]
[Site "Perm"]
[Date "1997.02.16"]
[Round "9"]
[White "Ikonnikov, D."]
[Black "Eismont, Oleg"]
[Result "0-1"]
[WhiteElo "2435"]
[BlackElo "2465"]

1.e4 d6 2.d4 Nf6 3.Nc3 e5 4.Nf3 Nbd7 5.Bc4 Be7 6.O-O O-O 7.Re1 c6 8.a4 Qc7
9.Ba2 b6 10.h3 a6 11.Nh4 exd4 12.Nf5 dxc3 13.Nxe7+ Kh8 14.Qd4 cxb2 15.Bxb2 Ne5
16.Nxc8 Raxc8 17.Rad1 Rfd8 18.Qe3 b5 19.f4 Ng6 20.e5 dxe5 21.f5 Rxd1 22.Rxd1 Nf8
23.Bxe5 Qe7 24.Re1 c5 25.axb5 axb5 26.Qf2 c4 27.c3 Re8 28.Re3 Qa3 29.Re2 Qa4
30.Kh2 Qd1 31.Re1 Qd5 32.Bxf6 Rxe1 33.Bxg7+ Kxg7 34.Qxe1 Qxf5 35.Bb1 Qc5
36.Qg3+ Ng6 37.Bxg6 hxg6 38.Qe1 Kf6 39.Kh1 Qe5 40.Qf2+ Ke6 41.Qb6+ Kf5 42.Qf2+ Qf4
43.Qc5+ Kf6 44.Qb6+ Kg7 45.Qa5 Qc1+ 46.Kh2 Qb2 47.h4 Qf2 48.Kh3 Qf5+ 49.Kh2 Qg4
50.g3 Qe2+ 51.Kh3 Qf1+ 52.Kh2 Qf2+ 53.Kh3 Qg1 54.Qa3 Qh1+ 55.Kg4 Qf1  0-1

[Event "Clarin GP-f"]
[Site "Villa Gesell"]
[Date "1997.03.12"]
[Round "9"]
[White "Ricardi, Pablo"]
[Black "Zarnicki, Pablo"]
[Result "1/2-1/2"]
[WhiteElo "2575"]
[BlackElo "2560"]

1.d4 d6 2.e4 Nf6 3.Nc3 e5 4.dxe5 dxe5 5.Qxd8+ Kxd8 6.Bg5 Nd7 7.O-O-O c6 8.Nf3 Kc7
9.h3 Bb4 10.Bxf6 gxf6 11.Nb1 Bc5 12.Rd2 Nb6 13.Bd3 Be6 14.a3 a5 15.Nc3 Nc4
16.Bxc4 Bxc4 17.Rhd1 Rad8 18.Rxd8 Rxd8 19.Rxd8 Kxd8 20.Nd2 Be6 21.f3  1/2-1/2

[Event "Leon"]
[Site "Leon"]
[Date "1997.06.10"]
[Round "6"]
[White "Mellado Trivino, Juan"]
[Black "Izeta Txabarri, Felix"]
[Result "1/2-1/2"]
[WhiteElo "2430"]
[BlackElo "2490"]

1.e4 d6 2.d4 Nf6 3.Nc3 Nbd7 4.f4 e5 5.Nf3 exd4 6.Qxd4 c6 7.e5 dxe5 8.fxe5 Bc5
9.Qh4 Qe7 10.Bf4 Bb4 11.O-O-O Bxc3 12.exf6 Bxf6 13.Qe1 Nb6 14.Qa5 O-O 15.Bd6 Qe3+
16.Kb1 Rd8 17.Re1 Rxd6 18.Ba6 Qxe1+ 19.Rxe1 Be6 20.Bd3 Rd5 21.Qb4 g6 22.Qf4 Kg7
23.h4 Ra5 24.Rxe6 fxe6 25.Qc7+ Kg8 26.Qxb7 Rd5 27.Qxc6 Kf7 28.Qb7+ Kg8 29.Qc6 Kf7
30.Qc7+ Nd7 31.a4 Rb8 32.b3 a5 33.Kc1 Ke7 34.Bc4 Rc5 35.Qf4 Ne5 36.Ng5 Rf8
37.Qd4 Rfc8 38.Nxh7 Bh8 39.Qf2 Nxc4 40.bxc4 Rxc4 41.Qa7+ R8c7 42.Qxa5 Rxc2+
43.Kd1 R2c5 44.Qa8 Bg7 45.Qg8 Bh6 46.Ng5 Rd5+ 47.Ke2 Re5+ 48.Kf3 Rf5+ 49.Ke4 Bxg5
50.hxg5 Rcc5 51.Qxg6 Rxg5 52.Qh7+ Kd6 53.Qh8 Rce5+ 54.Kf3 Rgf5+ 55.Kg3 Kc7
56.Qe8 Kb6 57.Kh4 Re4+ 58.g4 Rff4 59.Qb5+ Kc7 60.a5 Rxg4+ 61.Kh5 Kd6 62.Qb6+ Ke7
63.Qc7+ Kf6 64.Qd8+ Kf7 65.Qd7+ Kg8 66.Qd8+ Kh7 67.a6 Rd4 68.Qe7+ Rg7 69.Qxe6 Rdd7
70.Qe4+ Kg8 71.Qc4+ Rdf7 72.a7 Rh7+ 73.Kg5 Rg7+ 74.Kh6 Rh7+ 75.Kg6 Rg7+  1/2-1/2

[Event "Leon"]
[Site "Leon"]
[Date "1997.06.12"]
[Round "8"]
[White "Mellado Trivino, Juan"]
[Black "Campora, Daniel H"]
[Result "1/2-1/2"]
[WhiteElo "2430"]
[BlackElo "2555"]

1.e4 d6 2.d4 Nf6 3.Nc3 e5 4.dxe5 dxe5 5.Qxd8+ Kxd8 6.Bg5 Be6 7.O-O-O+ Nd7
8.g3 Kc8 9.f4 h6 10.Bh4 g5 11.fxg5 Ng4 12.Bh3 Nf2 13.Bxe6 fxe6 14.Nf3 Nxh1
15.Rxh1 c6 16.Kd1 Kc7 17.g4 Be7 18.g6 Bxh4 19.Nxh4 Rhg8 20.Ke2 Raf8 21.Rd1 Rf6
22.Rg1 Rf4 23.Ke3 Nf6 24.h3 Nd7 25.Ne2 Rff8 26.g5 hxg5 27.Rxg5 Kd6 28.Ng3 b5
29.Nh5 Nf6 30.Ng3 Nd7 31.Nh5 Nf6 32.Ng3 Nd7 33.Nh5 Nf6  1/2-1/2

[Event "CZE-ch"]
[Site "Zlin"]
[Date "1997.06.12"]
[Round "1"]
[White "Kalod, Radek"]
[Black "Jansa, Vlastimil"]
[Result "0-1"]
[WhiteElo "2455"]
[BlackElo "2490"]

1.e4 d6 2.d4 Nf6 3.Nc3 Nbd7 4.Nf3 e5 5.Bc4 Be7 6.O-O O-O 7.Re1 c6 8.a4 b6
9.d5 cxd5 10.Bxd5 Nxd5 11.Nxd5 Nf6 12.Nxf6+ Bxf6 13.c4 Bb7 14.b3 Be7 15.Ba3 f5
16.Nd2 Qd7 17.Ra2 Rad8 18.f3 fxe4 19.Nxe4 d5 20.Bxe7 Qxe7 21.cxd5 Rxd5 22.Rd2 Rfd8
23.Rxd5 Bxd5 24.Qd3 Bf7 25.Qc3 h6 26.Ng3 Qe6 27.b4 Rd4 28.Qxd4 exd4 29.Rxe6 Bxe6
30.a5 Kf7 31.axb6 axb6 32.Ne2 Kf6 33.Nxd4 Ke5 34.Nxe6 Kxe6 35.f4 Kd5 36.Kf2 Kc4
37.f5 Kxb4 38.g4 Kc5 39.h4 Kd6 40.g5 h5 41.Ke3 Ke5 42.f6 gxf6 43.g6 Ke6  0-1

[Event "Vier Laenderkampf"]
[Site "Schoeneck"]
[Date "1997.06.??"]
[Round "1"]
[White "Buchenau, Frank"]
[Black "Koeller, Oliver"]
[Result "1/2-1/2"]
[WhiteElo "2215"]
[BlackElo "2250"]

1.e4 d6 2.d4 Nf6 3.Nc3 c6 4.Nf3 Qa5 5.Bd2 Bg4 6.Nd5 Qd8 7.Nxf6+ gxf6 8.Bd3 Nd7
9.h3 Bh5 10.Qe2 e6 11.O-O-O Qb6 12.g4 Bg6 13.Kb1 d5 14.c4 dxe4 15.Bxe4 O-O-O
16.Bf4 Qb4 17.Bxg6 hxg6 18.h4 Nb6 19.Rc1 c5 20.Be3 cxd4 21.Bxd4 e5 22.Bc3 Qe7
23.g5 Bg7 24.gxf6 Bxf6 25.Nxe5 Nd7 26.f4 Bxe5 27.fxe5 Rxh4 28.Bb4 Qg5 29.Rxh4 Qxh4
30.e6 fxe6 31.Qxe6 Qg3 32.Rd1 Qf3 33.Rd5 Qf1+ 34.Qe1 Qxe1+ 35.Bxe1 Nf8 36.Rc5+ Kd7
37.Bg3 Rc8 38.Rd5+ Ke6 39.b3 Kf7 40.Rd6 Re8 41.Kc2 Re2+ 42.Rd2 Rxd2+ 43.Kxd2 Ke6
44.Ke3 Nd7 45.Kd4 Nf6 46.b4 Ne8 47.Bb8 a6 48.Kc5 Kd7 49.Kb6 Kc8 50.Be5 g5
51.a4 g4 52.b5 axb5 53.cxb5 g3 54.Bxg3 Nf6 55.a5 Nd7+ 56.Ka7 Nc5 57.Bd6 Nb3
58.Kb6 Nd2 59.Bb4 Nc4+ 60.Kc5 Ne5 61.Kd5 Nd7 62.Bd6 Nf6+ 63.Ke5 Ng4+ 64.Ke6 Ne3
65.Be5 Nc4 66.Bc3 Na3 67.b6 Nc4 68.Kd5 Nxb6+ 69.axb6 Kb8  1/2-1/2

[Event "CZE-ch"]
[Site "Zlin"]
[Date "1997.06.??"]
[Round "8"]
[White "Freisler, Pavel"]
[Black "Jansa, Vlastimil"]
[Result "0-1"]
[WhiteElo "2365"]
[BlackElo "2490"]

1.d4 d6 2.e4 Nf6 3.Nc3 c6 4.Nf3 Bg4 5.h3 Bh5 6.Be2 e6 7.Be3 Be7 8.Nd2 Bxe2
9.Qxe2 O-O 10.d5 cxd5 11.exd5 e5 12.O-O-O Nbd7 13.g4 Nb6 14.Qd3 Rc8 15.f4 exf4
16.Bxf4 Nfd7 17.h4 Nc5 18.Qg3 Qd7 19.Kb1 Nca4 20.Nxa4 Qxa4 21.Nb3 Qe4 22.Rh2 Nxd5
23.Bc1 Bf6 24.Qg2 Qxg2 25.Rxg2 Nb6 26.g5 Be5 27.Nd4 Rc4 28.Nf5 Nc8 29.b3 Re4
30.h5 Re8 31.c4 b6 32.Kc2 g6 33.hxg6 fxg6 34.Nh6+ Kg7 35.Rf1 Kh8 36.Rf7 Bg7
37.Rd7 R4e7 38.Rxe7 Rxe7 39.Bb2 Bxb2 40.Kxb2 Kg7 41.Kc3 Re5 42.b4 a6 43.a3 b5
44.Kd4 Ne7 45.Rg3 Nc6+ 46.Kc3 Nd8 47.Rd3 Rxg5 48.Rxd6 Rg3+ 49.Kd4 Kxh6 50.Rxd8 bxc4
51.Ra8 Rd3+ 52.Kxc4 Rxa3 53.Kc5 Ra4  0-1

[Event "Oberwart op"]
[Site "Oberwart"]
[Date "1997.07.07"]
[Round "3"]
[White "Brandner, Stefan"]
[Black "Vaulin, Alexander"]
[Result "0-1"]
[WhiteElo "2265"]
[BlackElo "2490"]

1.d4 d6 2.e4 Nf6 3.Nc3 e5 4.dxe5 dxe5 5.Qxd8+ Kxd8 6.Nf3 Bd6 7.h3 Ke7 8.Be3 Be6
9.O-O-O Nbd7 10.Nd5+ Bxd5 11.exd5 a6 12.c4 Rhe8 13.Nd2 Bc5 14.Bd3 Bxe3 15.fxe3 g6
16.Rhf1 a5 17.Rf2 Rf8 18.Rdf1 Ne8 19.Ne4 f5 20.Ng5 Nc5 21.Bc2 Nf6 22.g4 fxg4
23.hxg4 h6 24.Ne6 Nxe6 25.dxe6 e4 26.c5 a4 27.Rg1 g5 28.b3 axb3 29.Bxb3 Ra5
30.Rf5 b6 31.cxb6 Rxf5 32.gxf5 cxb6 33.Kb2 Rc8 34.Bd1 g4 35.Bxg4 Rg8 36.Rc1 Nxg4
37.Rc7+ Kf6 38.Rf7+ Ke5 39.e7 Re8  0-1

[Event "Oberwart op"]
[Site "Oberwart"]
[Date "1997.07.09"]
[Round "5"]
[White "Hofbauer, Peter"]
[Black "Knoll, Hermann"]
[Result "0-1"]
[WhiteElo "2095"]
[BlackElo "2225"]

1.e4 d6 2.d4 Nf6 3.Nc3 c6 4.Nf3 Bg4 5.Be2 e6 6.O-O Be7 7.h3 Bh5 8.Bg5 Nbd7
9.Qd2 O-O 10.Rad1 d5 11.e5 Ne8 12.Bxe7 Qxe7 13.Nh2 Bg6 14.Bd3 Nc7 15.Bxg6 fxg6
16.Ne2 c5 17.c3 Rac8 18.Rc1 Na6 19.Nf3 Rc6 20.c4 Nb6 21.dxc5 Rxc5 22.cxd5 Rxd5
23.Qe3 Qb4 24.Rc2 Nc4 25.Qg5 Rf5 26.Qg4 Nxe5 27.Nxe5 Rdxe5 28.Rd1 Qxg4 29.hxg4 Rd5
30.Rxd5 Rxd5 31.Nc3 Rd4 32.f3 Nb4 33.Re2 Kf7 34.a3 Nc6 35.Ne4 e5 36.Rc2 Ke7
37.Nc5 Rd1+ 38.Kh2 b6 39.Ne4 Kd7 40.Kg3 Nd4 41.Rc4 Rb1 42.Rb4 Rc1 43.Ra4 a5
44.b4 Kc6 45.bxa5 Kb5 46.Rb4+ Kxa5 47.Nd2 Ka6 48.Nc4 Ne2+ 49.Kf2 Nf4 50.Nxe5 Rc2+
51.Kg1 Nxg2 52.Nc4 Nh4 53.Nxb6 Nxf3+ 54.Kf1 Nh2+ 55.Kg1 Nxg4 56.Nd7 Nf6 57.Nf8 Re2
58.Rd4 Re7 59.Rh4 g5 60.Rd4 h5 61.Rd6+ Ka7 62.Re6 Rc7 63.Re5 g4 64.Ng6 Rc1+
65.Kg2 Rc2+ 66.Kg1 Ka6 67.Re7 Rc5 68.Nf4 Rf5 69.Ne6 h4 70.Nxg7 Rf3 71.Re5 h3
72.Rf5 Rg3+ 73.Kh1 Ne4 74.Rf4 Re3 75.Nf5 Re1+ 76.Kh2 Re2+ 77.Kg1 Rg2+ 78.Kf1 Nd2+
79.Ke1 h2  0-1

[Event "Politiken Cup"]
[Site "Copenhagen"]
[Date "1997.07.10"]
[Round "6"]
[White "Dickenson, Neil F"]
[Black "Nilsson, Nils Specht"]
[Result "1-0"]
[WhiteElo "2310"]
[BlackElo "2225"]

1.d4 d6 2.e4 Nf6 3.Nc3 c6 4.f4 Bg4 5.Nf3 d5 6.e5 Ne4 7.Bd3 Nxc3 8.bxc3 e6
9.O-O c5 10.h3 h5 11.hxg4 hxg4 12.Ng5 c4 13.f5 cxd3 14.fxe6 fxe6 15.Qxg4 Qb6
16.Nxe6 Nc6 17.Nxf8 Rxf8 18.Qg6+  1-0

[Event "Oberwart op"]
[Site "Oberwart"]
[Date "1997.07.13"]
[Round "9"]
[White "Sziebert, Adam"]
[Black "Kiss, Attila"]
[Result "1-0"]
[WhiteElo "2300"]
[BlackElo "2425"]

1.e4 d6 2.d4 Nf6 3.Nc3 Nbd7 4.f4 e5 5.Nf3 exd4 6.Qxd4 c6 7.Bd2 Qb6 8.O-O-O Qxd4
9.Nxd4 Nc5 10.Re1 Bd7 11.e5 dxe5 12.fxe5 Nd5 13.Nxd5 cxd5 14.c4 Rc8 15.Bc3 Ne4
16.cxd5 Nxc3 17.bxc3 Bc5 18.Kb2 O-O 19.Bd3 b5 20.Nc2 Rfe8 21.Rhf1 g6 22.Rf6 Bf8
23.Ra6 Bg7 24.Rxa7 Bg4 25.Bxb5 Rxe5 26.Rxe5 Bxe5 27.Bc6 Bxh2 28.a4 Kg7 29.Bb5 h5
30.Ra6 Bf4 31.a5 Bd2 32.Rc6 Rb8 33.Nd4 Be3 34.Rb6 Rd8 35.d6 Bf4 36.a6 Bxd6
37.a7 Ra8 38.Rxd6 Rxa7 39.c4 h4 40.c5 Re7 41.c6 Re3 42.c7 Rg3 43.Ne6+ Bxe6
44.Rxe6 Rxg2+ 45.Re2  1-0

[Event "Wch U20 Girls"]
[Site "Zagan"]
[Date "1997.07.15"]
[Round "2"]
[White "Kucypera, Anna"]
[Black "Dworakowska, Joanna"]
[Result "1/2-1/2"]
[WhiteElo "2050"]
[BlackElo "2285"]

1.e4 d6 2.d4 Nf6 3.Nc3 e5 4.dxe5 dxe5 5.Qxd8+ Kxd8 6.Bg5 Be6 7.O-O-O+ Nd7
8.Nd5 Kc8 9.f3 Bc5 10.Bc4 h6 11.Bh4 Ng8 12.Bb3 a5 13.Nc3 Bxb3 14.axb3 c6
15.Nh3 Ngf6 16.Rhe1 b5 17.Bf2 Bb4 18.Re3 Kc7 19.Be1 Bc5 20.Re2 a4 21.b4 Bd4
22.Nb1 g5 23.Bf2 Bxf2 24.Nxf2 h5 25.Red2 Nb6 26.Na3 g4 27.c4 Nxc4 28.Nxc4 bxc4
29.Rc2 gxf3 30.gxf3 a3 31.bxa3 Rxa3 32.Rxc4 Rxf3 33.Nd3 Nd7 34.b5 Rh6 35.Nb4 Nb8
36.Rd2 Kb6 37.bxc6 Nxc6 38.Nd5+ Kb5 39.Rdc2 Rf1+ 40.Kb2 Nd4 41.Rb4+ Ka6 42.Ra4+ Kb5  1/2-1/2

[Event "Brasilia"]
[Site "Brasilia"]
[Date "1997.07.20"]
[Round "5"]
[White "De Andrade, Waldomido"]
[Black "Lima, Darcy"]
[Result "0-1"]
[WhiteElo "2285"]
[BlackElo "2475"]

1.e4 d6 2.d4 Nf6 3.Nc3 e5 4.dxe5 dxe5 5.Qxd8+ Kxd8 6.Bc4 Be6 7.Bxe6 fxe6
8.Nf3 Bd6 9.O-O Nc6 10.Bg5 a6 11.Rad1 Ke7 12.Ne2 h6 13.Bxf6+ gxf6 14.Ng3 h5
15.h4 Rag8 16.c3 Bc5 17.Kh2 a5 18.b3 Na7 19.a4 Nc8 20.Rd2 Nd6 21.Re2 Rg4
22.Kh3 Rhg8 23.Nh2 R4g6 24.Nxh5 Rxg2 25.Ng3 R8xg3+  0-1

[Event "Wch U20"]
[Site "Zagan"]
[Date "1997.07.22"]
[Round "8"]
[White "Kunte, Abhijit"]
[Black "Kacheishvili, Giorgi"]
[Result "1/2-1/2"]
[WhiteElo "2430"]
[BlackElo "2550"]

1.e4 d6 2.d4 Nf6 3.Nc3 e5 4.dxe5 dxe5 5.Qxd8+ Kxd8 6.Bc4 Be6 7.Bxe6 fxe6
8.f3 Bc5 9.Nh3 Nc6 10.Bd2 Nd4 11.Rc1 b5 12.Nf2 Nd7 13.Ncd1 Bd6 14.c3 Nc6
15.Ne3 Ne7 16.h4 h5 17.Nh3 Ng6 18.g3 c5 19.c4 b4 20.Nd1 Nb8 21.Be3 Nc6 22.Ndf2 Ke7
23.Nd3 Nd4 24.Bxd4 exd4 25.f4 e5 26.f5 Nf8 27.Ng5 Nd7 28.Kd2 Rh6 29.Rhf1  1/2-1/2

[Event "Wch U20 Girls"]
[Site "Zagan"]
[Date "1997.07.23"]
[Round "9"]
[White "Subbaraman, Vijayalakshmi"]
[Black "Werner, Isabel"]
[Result "1-0"]
[WhiteElo "2250"]
[BlackElo "2220"]

1.d4 d6 2.e4 Nf6 3.Nc3 c6 4.f4 Qa5 5.Bd3 e5 6.Nf3 Bg4 7.dxe5 dxe5 8.O-O Nbd7
9.h3 Bxf3 10.Qxf3 Be7 11.Kh1 exf4 12.Bxf4 O-O 13.Bh2 Rae8 14.Rae1 Bb4 15.a3 Bxc3
16.bxc3 Ne5 17.Qf5 Qxc3 18.Re3 Nfd7 19.Qf2 Qxa3 20.Bc4 Qc5 21.Bb3 Kh8 22.Qe2 a5
23.Rg3 f6 24.Rf4 Qe7 25.Bg1 b5 26.Qh5 g6 27.Qe2 Rb8 28.h4 a4 29.Ba2 b4 30.Kh2 c5
31.h5 g5 32.Rf5 h6 33.Bf2 Qd6 34.Kh1 Rbc8 35.Bd5 Nb6 36.Re3 Qd7 37.Ba2 c4
38.Bg3 b3 39.cxb3 cxb3 40.Bb1 Rc1+ 41.Kh2 Rxb1 42.Bxe5 Qe7 43.Qd3 Nc4 44.Qxc4 fxe5
45.Qxa4 Rxf5 46.exf5 Qf7 47.Qe4 Rf1 48.Qxe5+ Kg8 49.Qb8+ Kg7 50.Qd6 Qxh5+
51.Rh3 Qxh3+ 52.Kxh3 Rxf5 53.Qb6 Rf6 54.Qxb3 Rf4 55.Qb7+ Kg6 56.Qc6+ Kg7
57.Qd7+ Kg6 58.Qe6+ Kg7 59.g3 Rf6 60.Qe7+ Kg6 61.Qe8+ Rf7 62.Qe4+ Kf6 63.Kg4 Kg7
64.Kh5 Rf6 65.Qe5 Kf7 66.Qc7+ Ke6 67.Qg7 Kf5 68.Qe7 Re6 69.g4+ Ke5 70.Qc5+ Kf6
71.Kxh6 Re5 72.Qd6+  1-0

[Event "MK Cafe op-A"]
[Site "Koszalin"]
[Date "1997.08.03"]
[Round "1"]
[White "Socko, Bartosz"]
[Black "Erenska Radzewska, Hanna"]
[Result "1-0"]
[WhiteElo "2435"]
[BlackElo "2235"]

1.d4 d6 2.e4 Nf6 3.Nc3 Nbd7 4.Nf3 e5 5.Bc4 h6 6.O-O c6 7.a4 Be7 8.Re1 Qc7
9.Ba2 Nf8 10.h3 g5 11.Be3 Ng6 12.Qd2 g4 13.hxg4 Nxg4 14.Ne2 Nxe3 15.Qxe3 Bg4
16.Ng3 Bf6 17.dxe5 Nxe5 18.Qf4 Bg5 19.Nxg5 hxg5 20.Qxg5 f6 21.Qxf6 Qh7 22.f4 Nf3+
23.Kf2 Nxe1 24.Rxe1 Rf8 25.Qxd6 Rd8 26.Qe5+ Qe7 27.Qxe7+ Kxe7 28.Ke3 Be6
29.Bxe6 Kxe6 30.Nh5 Rg8 31.Re2 b5 32.axb5 cxb5 33.Kf3 a5 34.g4 a4 35.e5 b4
36.f5+ Ke7 37.f6+ Ke6 38.Ng7+ Rxg7 39.fxg7 Rg8 40.Re4 b3 41.c3 a3 42.bxa3 Rb8
43.Rb4 Rg8 44.Ke4 Rxg7 45.Rb6+ Kd7 46.Rxb3 Rxg4+ 47.Kd5 Rg3 48.Rb7+ Kc8 49.Rb4 Kd8
50.Rc4 Rg1 51.a4 Rh1 52.Kd6 Rd1+ 53.Rd4 Rb1 54.c4  1-0

[Event "Budapest FS08 IM"]
[Site "Budapest"]
[Date "1997.08.04"]
[Round "3"]
[White "Farago, Sandor"]
[Black "Nezar, Mustapha"]
[Result "1/2-1/2"]
[WhiteElo "2330"]
[BlackElo "2225"]

1.e4 d6 2.d4 Nf6 3.Nc3 c6 4.Bd3 e5 5.Nge2 Qb6 6.dxe5 dxe5 7.O-O Be7 8.Rb1 a5
9.Be3 Qc7 10.Na4 Nbd7 11.c4 Ng4 12.Bd2 Nc5 13.Nxc5 Bxc5 14.h3 Nf6 15.Ng3 Be6
16.Qf3 O-O 17.Bg5 Be7 18.Nf5 Bxf5 19.Qxf5 g6 20.Qf3 Nh5 21.Bh6 Rfe8 22.g3 Ng7
23.Rbd1 Ne6 24.h4 Bf8  1/2-1/2